Lataa...
2. 5G mobile networks GPRS and EDGE /
| Päätekijä: | |
|---|---|
| Kieli: | Undetermined |
| Julkaistu: |
New Delhi :
Tata McGraw Hill ,
2008.
|
| Aiheet: |
| LEADER | 00574nam a2200169Ia 4500 | ||
|---|---|---|---|
| 001 | 164185 | ||
| 008 | 170722s9999 xx 000 0 und d | ||
| 020 | |a 9780070656925 | ||
| 100 | |a Kasera, Sumitetc | ||
| 245 | |a 2. 5G mobile networks |b GPRS and EDGE / | ||
| 260 | |a New Delhi : |b Tata McGraw Hill , |c 2008. | ||
| 300 | |a xxiv | ||
| 653 | |a 2.5g Mobile Networks | ||
| 923 | |d 20100222 |n TMCR378 | ||
| 942 | |c GEN | ||
| 999 | |c 143246 |d 143246 | ||
| 952 | |0 0 |1 0 |4 0 |6 D_654B97894_P81 |7 0 |9 202748 |a LIB |b LIB |d 2013-03-25 |e TBS Publishers&Distributors |o D65,4:(B97894) P81 |p 279155 |r 2017-08-12 |w 2017-08-12 |y GEN | ||